| 000 | 00770nam a22001937a 4500 | ||
|---|---|---|---|
| 005 | 20211124150529.0 | ||
| 008 | 211124s2019 ck a|||gr|||| 00| 0 spa d | ||
| 040 |
_aCO-BoUCM _bspa _cDeissy Garcia _dDeissy Garcia |
||
| 041 | 0 | _aspa | |
| 110 | 1 |
_aBogotá _bAlcaldía Mayor _955436 |
|
| 245 | 1 | 0 |
_aVecinos inesperados _brelatos de la fauna silvestre en Bogotá _cAlcaldía de Bogotá |
| 260 |
_aBogotá _bAlcaldía de Bogotá _c2019 |
||
| 300 |
_a353 páginas _bilustraciones, fotografías |
||
| 504 | _aIncluye referencias bibliográficas e índices | ||
| 650 | 7 |
_aFauna _xRelatos personales _zBogotá (Colombia) _9172269 |
|
| 650 | 7 |
_aZoología _zBogotá (Colombia) _9172270 |
|
| 942 |
_2DEWEY _cLIBRO _a25 _e1 _h790.9861 _mB675v _n0 |
||
| 999 |
_c320200 _d320200 |
||